RE SET : pla estratègic 2007 de la Diputació de Barcelona : d'una administració local a un govern local en xarxa pla estratègic 2007 de la Diputació de Barcelona :
Descripción Física:
43 p. : gràfics ; 30 cm + 1 CD-Rom (apèndix)
MARC
| LEADER | 00000nam a2200000Ia 4500 | ||
|---|---|---|---|
| 001 | 19049 | ||
| 008 | 160829s2007 xx 000 0 cat d | ||
| 080 | |a FU-2-3 | ||
| 110 | 1 | |a Barcelona (Catalunya : Província). |b Diputació |9 52408 | |
| 245 | |a RE SET : |b pla estratègic 2007 de la Diputació de Barcelona : |b d'una administració local a un govern local en xarxa | ||
| 260 | |a Barcelona: |b Diputació de Barcelona : |b RE!SET, |c 2007 | ||
| 300 | |a 43 p. : |b gràfics ; |c 30 cm + 1 CD-Rom (apèndix) | ||
| 590 | |a Hi ha un exemplar en castellà amb R. 19050 | ||
| 610 | 2 | 0 | |a Re Set |9 55221 |
| 650 | 0 | |a Administració local |z Barcelona |9 40043 | |
| 901 | |a Arxiu | ||
| 942 | |n 1 |2 udc | ||
| 952 | |0 0 |1 0 |4 0 |6 FU23 |7 1 |9 52211 |a Arxiu |b Arxiu |d 2016-12-01 |l 0 |o FU-2-3 |p 19049 |r 2016-12-01 00:00:00 |w 2016-12-01 |y ARXIU | ||
| 999 | |c 56059 |d 56059 | ||